000 00290nam a22001337a 4500
008 170308b xxu||||| |||| 00| 0 eng d
020 _a045863545145
041 _aeng
080 _a611
100 _a6
101 _aSHM
245 _aCOLORS ATLAS HUMAN ANATOMY
_cJOLLY.TR
942 _2udc
_cBK
999 _c7192
_d7192